000 00287nam a22001217a 4500
008 170713b xxu||||| |||| 00| 0 eng d
041 _aeng
080 _210 ED
_a038
100 _a23
101 _aFJA
245 _aMERIAM WEBSTER COLLEGIAN DICTIONARY
_cMISH.F.C
942 _2udc
_cBK
999 _c20489
_d20489